| 000 | 01579nam a2200325 i 4500 | ||
|---|---|---|---|
| 001 | 12152 | ||
| 003 | KOSZ 005 | ||
| 005 | 20191016080513.0 | ||
| 008 | 070923s1969 pl a f 100 0 pol | ||
| 015 | _aPB 1969/9176 | ||
| 040 |
_aWA N _cKOSZ 005/RW _dKOSZ 005/RW |
||
| 041 | 0 |
_apol _beng _bger _brus |
|
| 080 | _a621(061.3) | ||
| 111 | 2 |
_aMiędzynarodowy Kongres Teorii Maszyn i Mechanizmów _n(2 ; _d1969 ; _cZakopane). |
|
| 245 | 1 | 0 |
_aZbiór referatów zgłoszonych na II międzynarodowy kongres teorii maszyn i mechanizmów, Zakopane 1969. _n3 / _c[red. Andrzej Olędzki] ; Stowarzyszenie Inżynierów i Techników Mechaników Polskich ; Politechnika Warszawska. Katedra Teorii Maszyn i Mechanizmów. |
| 246 | 1 | 4 | _aProceedings of the II International Congress on the Theory of Machines and Mechanisms |
| 260 |
_aWarszawa : _bStowarzyszenie Inżynierów i Techników Mechaników Polskich : _bPolitechnika Warszawska, _c1969. |
||
| 300 |
_a275 s. : _bil.; _c24 cm. |
||
| 380 | _aKsiążki. | ||
| 500 | _aNa okł. tyt. obcojęzyczne i inna kolejność ich części składowych. | ||
| 504 | _aBibliogr. przy referatach. | ||
| 546 | _aStreszcz. ang., niem., ros. | ||
| 580 | _aCz. 1 poz. 8558/1969. | ||
| 650 | 4 |
_aMaszyny _xbudowa i konstrukcje. |
|
| 655 | 4 | _aMateriały konferencyjne | |
| 700 | 1 |
_aOlędzki, Andrzej _d(1928-2000). _eRedakcja |
|
| 710 | 2 |
_aPolitechnika Warszawska. _bOficyna Wydawnicza. _4pbl. |
|
| 856 |
_uhttp://koha.tu.koszalin.pl/cgi-bin/koha/opac-detail.pl?biblionumber=12152 _yKatalog online BPK |
||
| 942 |
_2UKD _cKS |
||
| 999 |
_c12152 _d12152 |
||